Proceedings of the Symposium on Modern network synthesis : New York, N.Y., April 13, 14, 15, 1955 /

Guardado en:
Autor Corporativo: Symposium on Modern network synthesis New York)
Otros Autores: Fox, Jerome. (Editor )
Formato: Libro
Idioma:English
Publicado: Brooklyn : Polytechnic Press of the Polytechnic Institute of Brooklyn, 1956.
Series:Microwave Research Institute Symposia Series ; v. 5
Etiquetas: Agregar Etiqueta
Sin Etiquetas, Sea el primero en etiquetar este registro!
LEADER 01031nam a22001695a 4500
001 MAT.inmabb000885
008 031119s1956####nyu###########001#0#eng#d
005 20170807124012.0
245 1 0 |a Proceedings of the Symposium on Modern network synthesis :  |b New York, N.Y., April 13, 14, 15, 1955 /  |c [edited by Jerome Fox]. 
260 |a Brooklyn :  |b Polytechnic Press of the Polytechnic Institute of Brooklyn,  |c 1956. 
300 |a xiii, 528 p. ;  |c 23 cm. 
440 0 |a Microwave Research Institute Symposia Series ;  |v v. 5 
500 |a Sponsored by Polytechnic Institute of Brooklyn, Microwave Research Institute ; in cooperation with The Institute of Radio Engineers, Professional Group on Circuit Theory ; co-sponsored by The Air Force Office of Scientific Research, The Office of Naval Research, The U.S. Army Signal Research and Development Laboratory. 
111 2 |a Symposium on Modern network synthesis  |d (1955 :  |c New York) 
700 1 |a Fox, Jerome.  |4 edt 
084 |a 00B25  |a 93-XX  |a 94-XX  |2 msc2000 
859 |h 00B25  |i Sy989m-1955  |p A-719  |b BIB. MATEMATICA